| Tag |
First Indicator |
Second Indicator |
Subfields |
| LEADER |
00000cam a2200000Ia 4500 |
| 001 |
in00002242829 |
| 005 |
20151105051547.0 |
| 008 |
070510s2007 nyuae 000 0 eng d |
| 010 |
|
|
|a 2006937134
|
| 020 |
|
|
|a 0810992825
|
| 020 |
|
|
|a 9780810992825
|
| 035 |
|
|
|a (OCoLC)ocn124094844
|
| 040 |
|
|
|a IMD
|c IMD
|d BAKER
|d UtOrBLW
|
| 041 |
1 |
|
|a eng
|h spa
|
| 049 |
|
|
|a TXAM
|
| 090 |
|
|
|a NA687
|b .A84 2007
|
| 092 |
0 |
|
|a 724/.6
|2 22
|
| 100 |
1 |
|
|a Asensio Cerver, Francisco.
|
| 240 |
1 |
0 |
|a Atlas, la nueva arquitectura.
|l English
|
| 245 |
1 |
0 |
|a New architecture :
|b an international atlas /
|c Francisco Asensio ; [editor, Sheila Friedling].
|
| 264 |
|
1 |
|a New York, NY :
|b Abrams,
|c 2007.
|
| 300 |
|
|
|a 510 pages :
|b color illustrations, plans ;
|c 25 cm.
|
| 336 |
|
|
|a text
|b txt
|2 rdacontent
|
| 337 |
|
|
|a unmediated
|b n
|2 rdamedia
|
| 338 |
|
|
|a volume
|b nc
|2 rdacarrier
|
| 650 |
|
0 |
|a Architecture, Modern
|y 20th century.
|
| 650 |
|
0 |
|a Commercial buildings
|x Design and construction.
|
| 650 |
|
0 |
|a Bridges
|x Design and construction.
|
| 700 |
1 |
|
|a Friedling, Sheila.
|
| 938 |
|
|
|a Baker & Taylor
|b BKTY
|c 40.00
|d 30.00
|i 0810992825
|n 0007001189
|s active
|
| 945 |
|
|
|a PromptCat
|b 145464
|
| 946 |
|
|
|a stk
|
| 947 |
|
|
|a A14835622591
|
| 994 |
|
|
|a 92
|b TXA
|
| 948 |
|
|
|a cataloged
|b h
|c 2007/6/1
|d c
|e blrosas
|f 9:54:19 am
|
| 999 |
|
|
|a MARS
|
| 999 |
f |
f |
|s 3321c8d9-5f72-31a9-8c98-debba73df5c7
|i 5c4690c1-62fd-31c1-9475-0baee5e088a3
|t 0
|
| 952 |
f |
f |
|p normal
|a Texas A&M University
|b College Station
|c Sterling C. Evans Library
|d Evans: Library Stacks
|t 0
|e NA687 .A84 2007
|h Library of Congress classification
|i unmediated -- volume
|m A14835622591
|
| 998 |
f |
f |
|a NA687 .A84 2007
|t 0
|l Evans: Library Stacks
|